Capitales européennes en S - Statistiques

Statistiques générales
  • Ce quiz a été pris 158 fois
  • Le résultat moyen est 4 sur 5
Statistiques - réponses
Réponse % Correct
Stockholm
87%
Sarajevo
86%
Saint Marin
74%
Sofia
73%
Skopje
57%
Aucun quiz correspondant
Distribution des résultats
% des personnes avec chaque résultat
Percentile par nombre de réponses
Votre historique - résultats
Vous n’avez pas pris ce quiz